Partizánske

Zobrazenie: Pohľad na Pomník padlým hrdinom SNP vpravo v pozadí na trávnatej ploche. Vľavo v pozadí je vidno časť veže. Vpravo v pozadí sú rady bytoviek lemované listnatými stromami. Celé pozadie tvoria zalesnené hory

Bibliographic Details
Other Authors: Kanka, Ján (Photographer)
Format: Postcard
Language:Slovak
PhysicalDescription:1 pohľadnica čiernobiela 11 x 15 cm
Published: [Bratislava] VPL 1963
Subjects:

MARC

LEADER 00000ckm a2200000 a 4500
001 vtls011608245
003 SK-MaSNL
005 20260512125205.0
007 kp bo
008 230718s1963 xo g kuslo
015 |a SNBG1963 
035 |a urn:nbn:sk:snk-km00dtki 
035 |a urn:nbn:sk:snk-km3lufz 
035 |a E9F2980A-28F8-424D-B1A3-CDD2A210C498 
040 |a SNK  |b slo  |c SNK  |e AACR2 
041 0 |a slo 
043 |a e-xo--- 
044 |a xo  |c SK 
072 7 |a 913  |x Regionálna geografia  |2 konspekt 
080 |a (084.121)  |2 2011 
080 |a 913(437.6)  |2 2011 
080 |a 725.945  |2 2011 
080 |a 633.2  |2 2011 
080 |a 728.222  |2 2011 
100 1 |a Kanka, Ján  |4 pht  |9 181462 
245 1 0 |a Partizánske  |h grafika  |c foto Kanka 
260 |a [Bratislava]  |b VPL  |c 1963 
300 |a 1 pohľadnica  |b čiernobiela  |c 11 x 15 cm 
520 8 |a Zobrazenie: Pohľad na Pomník padlým hrdinom SNP vpravo v pozadí na trávnatej ploche. Vľavo v pozadí je vidno časť veže. Vpravo v pozadí sú rady bytoviek lemované listnatými stromami. Celé pozadie tvoria zalesnené hory 
650 0 7 |a pamätníky  |2 SNKPH  |9 25601 
650 0 7 |a trávne porasty  |2 SNKPH  |9 3678 
650 0 7 |a bytové domy  |2 SNKPH  |9 31781 
651 7 |a Partizánske (Slovensko)  |2 SNKPHgeo  |9 51183 
655 7 |a miestne pohľadnice  |2 SNKPH  |9 70510 
852 |a Slovenská národná knižnica 
954 |a pohľadnice pôvodné (slovenské)  |2 lita 
958 |a GBN 
958 |a GC 
958 |a OND 
958 |a EUIPO 
999 |c 1020587  |d 1022517 
952 |a SNK  |b SNK  |y PREZ  |7 0  |p 17A1221786  |o snkSP 19326  |0 0  |1 0  |4 0  |d 2017-02-01  |f 1  |l 0  |r 2026-02-24 13:22:28  |w 2026-02-24